000 00551aam a2200217 4500
005 20260325191148.0
008 150717b1994 xxu||||| |||| 00| 0 spa d
020 _a95014009310
041 _aESP
082 _a364.36 K21d
100 _aKaufmann, Hilde
_914316
245 _aDelincuentes juveniles: diagnósis y juzgamiento
260 _aArgentina
260 _bDepalma
260 _c1994
300 _a247 páginas
490 _aInvestigación Criminal
650 _aDELINCUENTES JUVENILES
650 _aDELINCUENCIA JUVENIL
942 _cBK
_2ddc
999 _c51
_d51